000 00199 a2200097 4500
001 47972
100 _aHamilton
245 _aHediya
260 _aLahore
_bPremier Bk house
_c
090 _c30964
_d30964
942 _aNUST-CAE
_cM
_c23296
999 _c283045
_d283045